000 00564nam a2200217Ia 4500
003 OSt
005 20220928142452.0
006 a|||||r|||| 00| 0
007 ta
008 220927b |||||||| |||| 00| 0 eng d
024 _a19814
037 _cTextual
040 _aSDCL
_cSDCL
_beng
041 _2eng
_aeng
082 _aO15:g(Y15), L1;1;2
100 _aSharma Gajanan
_9422086
245 0 _aPracheen bhartiya saahitya mein naari.
260 _c1971
942 _hO15:g(Y15), L1;1;2
_cTEXL
_2CC
999 _c821974
_d821974